000 00587nam a22001817a 4500
999 _c147438
_d147438
005 20181219110323.0
010 _aENG-121405
020 _a9789380336831
_c400.00
035 _aEN-104937
037 _bDBAD/PUB
082 _a250
245 _aThe history of the Buddha's religion :
_ctransleted by Bimla Churan Law
_bsasanavamsa /
260 _aKolkata
_bMaha bodhi book agency
_c2014
270 _a 4A, Bankim Chatterjee treet , College Square
_bKolkata
_e700009
300 _axvii,174p.
_c23cm(Hb)
700 _aLaw,Bimla Churan
942 _2ddc
_cEN
_h250
_mHIS